| 000 | 00668cab a2200253 4500 | ||
|---|---|---|---|
| 001 | ABS59445 | ||
| 008 | 090401t1998 xxu||||| |||| 00| 0 eng d | ||
| 035 | _a(Sirsi) u89012 | ||
| 041 | _aeng | ||
| 100 | _aMorton, B. | ||
| 245 | _aHistoric buildings and trees | ||
| 260 | _c1998 | ||
| 350 | _a0 | ||
| 490 |
_aContext _v(59) September 1998, 28-29(2) |
||
| 520 | _aSuggests that historic buildings are less susceptible to damage or disturbance from nearby trees. | ||
| 650 | _aCHURCHES | ||
| 650 | _aCRACKING | ||
| 650 | _aHISTORIC BUILDINGS | ||
| 650 | _aSUBSIDENCE | ||
| 650 | _aTREES | ||
| 690 | _aCONSERVATION | ||
| 942 | _n0 | ||
| 948 | _c15/10/1998 | ||
| 999 |
_c56293 _d56293 |
||